000 00841nam a2200253Ia 4500
003 OSt
005 20221005112836.0
006 a|||||r|||| 00| 0
007 ta
008 221004b |||||||| |||| 00| 0 pan d
020 _c125
024 _a96262
037 _b72866, 31/12/2008, Arsee Publishers
_cTextual
040 _aCRL
_cCRL
_bpan
041 _2pan
_apan
082 _aO153,3N17,MM, P1
100 _aਾਦ, ਬੂਟਾ ਸਿੰਘ
245 0 _aਮੇਰੀ ਮਹਿੰਦੀ ਦਾ ਰੰਗ ਉਦਾਸ
260 _aਦਿੱਲੀ
_bਆਰਸੀ ਭਾਰਤ
_c2001
300 _a144ਪੰ
_ccm.
650 _aਪੰਜਾਬੀ ਸਾਹਿਤ
942 _hO153,3N17,MM, P1
_cTEXL
_2cc
999 _c1026159
_d1026159